Rob Reiner - All Movies - Statistics

General Stats
  • This quiz has been taken 8 times
  • The average score is 6 of 129
Answer Stats
Year Movie % Correct
1990 Misery
83%
1986 Stand by Me
83%
1989 When Harry Met Sally...
83%
1992 A Few Good Men
67%
1984 This is Spinal Tap
67%
1987 The Princess Bride
50%
2016 LBJ
33%
1994 North
33%
1995 The American President
33%
2015 Being Charlie
17%
2010 Flipped
17%
2005 Rumor Has It...
17%
2025 Spinal Tap II: The End Continues
17%
2007 The Bucket List
17%
2013 The Wolf of Wall Street
17%
1997 Absolute Power
0%
1996 Alaska
0%
2023 Albert Brooks: Defending My Life
0%
2003 Alex & Emma
0%
1996 A Midwinter's Tale
0%
2003 A Mighty Wind
0%
1993 Amos & Andrew
0%
2014 And So It Goes
0%
2000 Bait
0%
1994 Barcelona
0%
2013 Before Midnight
0%
1995 Before Sunrise
0%
2004 Before Sunset
0%
2000 Best in Show
0%
1995 Beyond Rangoon
0%
1994 Bullets Over Broadway
0%
1995 Bye Bye Love
0%
2008 Chaos Theory
0%
1996 City Hall
0%
1991 City Slickers
0%
1994 City Slickers II: The Legend of Curly's Gold
0%
2003 Dickie Roberts: Former Child Star
0%
2009 Did You Hear About the Morgans?
0%
1995 Dolores Clairborne
0%
1991 Don't Tell Mom the Babysitter's Dead
0%
1995 Dracula: Dead & Loving It
0%
2003 Dreamcatcher
0%
1999 EDtv
0%
1967 Enter Laughing
0%
2004 Envy
0%
2006 Everyone's Hero
0%
1996 Extreme Measures
0%
2022 Family Squares
0%
2010 Faster
0%
1977 Fire Sale
0%
1995 For Better or Worse
0%
1995 Forget Paris
0%
2006 For Your Consideration
0%
2007 Fracture
0%
2011 Friends with Benefits
0%
1996 Ghosts of Mississippi
0%
2024 God & Country
0%
1969 Halls of Anger
0%
1996 Hamlet
0%
2001 Hearts in Atlantis
0%
1992 Honeymoon in Vegas
0%
2007 In the Land of Women
0%
1993 In the Line of Fire
0%
1993 Josh & S.A.M.
0%
2003 Kangaroo Jack
0%
2004 Kangaroo Jack: G'Day U.S.A.!
0%
1991 Late for Dinner
0%
1981 Likely Stories: Vol. 1
0%
1994 Little Big League
0%
1996 Lone Star
0%
1990 Lord of the Flies
0%
2000 Lost Souls
0%
1996 Mad Dog Time
0%
1993 Malice
0%
2007 Michael Clayton
0%
1999 Mickey Blue Eyes
0%
2000 Miss Congeniality
0%
2005 Miss Congeniality 2: Armed & Fabulous
0%
1994 Mixed Nuts
0%
1992 Mr. Saturday Night
0%
2002 Murder by Numbers
0%
2007 Music & Lyrics
0%
1998 My Giant
0%
1993 Needful Things
0%
2007 No Reservations
0%
1995 Othello
0%
1998 Palmetto
0%
1990 Postcards from the Edge
0%
1998 Primary Colors
0%
2000 Proof of Life
0%
2017 Sandy Wexler
0%
2017 Shock & Awe
0%
1990 Sibling Rivalry
0%
1993 Sleepless in Seattle
0%
2007 Sleuth
0%
1996 Some Mother's Son
0%
1998 Sour Grapes
0%
1990 Spirit of '76
0%
1996 Striptease
0%
1996 SubUrbia
0%
1971 Summertree
0%
2024 Sweethearts
0%
2002 The Adventures of Pluto Nash
0%
1996 The First Wives Club
0%
2019 The Great Hack
0%
1999 The Green Mile
0%
1979 The Jerk
0%
1998 The Last Days of Disco
0%
2016 The Last Laugh
0%
2012 The Magic of Belle Isle
0%
2001 The Majestic
0%
1999 The Muse
0%
2004 The Polar Express
0%
2014 The Rewrite
0%
1995 The Run of the Country
0%
2002 The Salton Sea
0%
1994 The Shawshank Redemption
0%
1996 The Spitfire Grill
0%
1999 The Story of Us
0%
1985 The Sure Thing
0%
1987 Throw Momma from the Train
0%
2002 Two Weeks Notice
0%
1996 Waiting for Guffman
0%
1970 Where's Poppa?
0%
2026 Wind River: Rising
0%
1989 Winter People
0%
1992 Year of the Comet
0%
1998 Zero Effect
0%
No matching quizzes found
Score Distribution
Percent of People with Each Score
Percentile by Number Answered
Your Score History
You have not taken this quiz